Infljacionnyje processy v ekonomike strany, istoki i perspektivy.
Vzťah úplného uvoľnenia cien a príjmov obyvateľstva. Problém vytvorenia novej optimálnej rovnováhy cien a príjmov. Indexácia príjmov a tempá inflácie pri liberalizovaných cenách. Vplyv rastu daní. Nástroje regulovania objemu peňažnej masy. Zdražovanie úverov a možnosti vytvárania úverových privilégi...
Salvato in:
| Autore principale: | |
|---|---|
| Altri autori: | |
| Natura: | Capitolo di libro |
| Lingua: | russo |
| Soggetti: | |
| Tags: |
Nessun Tag, puoi essere il primo ad aggiungerne!!
|
MARC
| LEADER | 00000naa a2200000 4500 | ||
|---|---|---|---|
| 001 | r009604 | ||
| 005 | 20221208123251.0 | ||
| 041 | 0 | |a rus | |
| 044 | |a [SU] | ||
| 245 | 1 | 0 | |a Infljacionnyje processy v ekonomike strany, istoki i perspektivy. |c S. Lušin, V. Paškovskij |
| 520 | |a Vzťah úplného uvoľnenia cien a príjmov obyvateľstva. Problém vytvorenia novej optimálnej rovnováhy cien a príjmov. Indexácia príjmov a tempá inflácie pri liberalizovaných cenách. Vplyv rastu daní. Nástroje regulovania objemu peňažnej masy. Zdražovanie úverov a možnosti vytvárania úverových privilégií. | ||
| 610 | 2 | 0 | |a inflácia |
| 610 | 2 | 0 | |a ceny voľné |
| 610 | 2 | 0 | |a príjmy obyvateľstva |
| 610 | 2 | 0 | |a rovnováha hospodárska |
| 610 | 2 | 0 | |a indexy |
| 610 | 2 | 0 | |a dane |
| 610 | 2 | 0 | |a peniaze |
| 610 | 2 | 0 | |a nástroje riadenia |
| 610 | 2 | 0 | |a politika úverová |
| 100 | 1 | |a Lušin, S. | |
| 700 | 1 | |a Paškovskij, V. | |